MARC

LEADER 00000nam^a2200000^a^4500
001 000400530
005 20250521000000.0
009 20260310121622.571
020 |a 978-958-8920-36-8 
037 |a Acervo ITESO - Biblioteca 
041 |a ESP 
082 |a 302. 2370986152  |b JOV 
245 0 4 |a Los jóvenes y la competencia mediática /  |c Y. Sandoval Romero... [et al.]. 
264 4 |a Cali, Colombia :  |b Universidad Santiago de Cali,  |c 2016, c2016 
300 |a 143 p. 
336 |a texto  |b txt  |2 rdacontenido 
337 |a sin mediación  |b n  |2 rdamedio 
338 |a volumen  |b nc  |2 rdasoporte 
521 |a FIL 2017 EEnlace Departamento de Estudios Socioculturales 
649 |a XX 
650 |a Jóvenes -  |z Valle del Cauca, Colombia -  |x Condiciones Sociales y Culturales -  |x Tema Principal 
650 |a Jóvenes -  |z Colombia -  |x Condiciones Sociales y Culturales 
650 |a Cibernautas -  |z Valle del Cauca, Colombia -  |x Condiciones Sociales y Culturales 
650 |a Cibernautas -  |z Colombia -  |x Condiciones Sociales y Culturales 
650 |a Competencia Comunicativa -  |z Valle del Cauca, Colombia -  |x Tema Principal 
650 |a Competencia Comunicativa -  |z Colombia 
650 |a Comunicación Educativa 
650 |a Tecnologías de Comunicación e Información -  |z Valle del Cauca, Colombia -  |x Aspectos Sociales y Culturales -  |x Tema Principal 
650 |a Tecnologías de Comunicación e Información -  |z Colombia -  |x Aspectos Sociales y Culturales 
650 |a Tecnología y Sociedad -  |z Valle del Cauca, Colombia 
650 |a Tecnología y Sociedad -  |z Colombia 
650 |a Valle del Cauca, Colombia -  |x Condiciones Sociales y Culturales 
650 |a Colombia -  |x Condiciones Sociales y Culturales 
650 |a Sociología de la Comunicación 
910 |a Fondo General 
920 |a Impresos - Libros 
930 |a Colección General 
905 |a 101 
901 |a 0500295752  |b IT1  |c ACC  |i c157664  |u 20250521 
902 |a https://opac.biblio.iteso.mx/vufind/Record/000400530